| 000 | nam a22 a 4500 | ||
|---|---|---|---|
| 999 |
_c3717 _d3717 |
||
| 003 | AKMAL | ||
| 005 | 20170523155313.0 | ||
| 008 | 170523s1977 ny 00 eng d | ||
| 020 |
_a0471319007 (pbk.): _cfree |
||
| 040 | _aAKMAL | ||
| 082 | 0 | 4 | _a677.02862 GOS |
| 090 |
_a677.02862 _bGOS |
||
| 100 | 1 |
_aGoswami, Bhuvenesh Chandra, _d1937- _97343 |
|
| 245 | 1 | 0 |
_aTextile yarns : _btechnology, structure, and applications / _cB.C. Goswami, J.G. Martindale and F.L. Scardino |
| 260 |
_aNew York : _bJohn Wiley, _c1977 |
||
| 300 |
_aix, 482p. : _bill. ; _c22cm |
||
| 504 | _aIncludes bibliographical references and index | ||
| 650 |
_aYarn _97344 |
||
| 700 | 1 |
_aMartindale, J. G. _97345 |
|
| 700 | 1 |
_aScardino, F. L. _97346 |
|
| 942 |
_2ddc _cBOOK |
||